Spotrebiteľské vnímanie kvality a dizajnu a jeho využitie pri tvorbe stratégie produktu diplomová práca

Enregistré dans:
Détails bibliographiques
Auteur principal: Kačeňák, Róbert
Collectivité auteur: Obchodná fakulta EU. Katedra tovaroznalectva a kvality tovaru
Autres auteurs: Strhan, Rastislav, 1968-
Format: Livre
Langue:slovaque
Publié: Bratislava 2016
Tags: Ajouter un tag
Pas de tags, Soyez le premier à ajouter un tag!

MARC

LEADER 00000nbm a2200000 4500
001 0216613
005 20161201144340.4
041 0 |a slo 
044 |a SK 
245 1 0 |a Spotrebiteľské vnímanie kvality a dizajnu a jeho využitie pri tvorbe stratégie produktu  |b diplomová práca  |c Róbert Kačeňák ; školiteľ: Rastislav Strhan 
264 1 |a Bratislava  |c 2016 
300 |a 68 s. 
100 1 |a Kačeňák, Róbert 
700 1 |a Strhan, Rastislav, 1968- 
710 2 |a Obchodná fakulta EU. Katedra tovaroznalectva a kvality tovaru